[Event "XIX Weekend"]
[Site "Bergamo ITA"]
[Date "2007.01.21"]
[Round "6"]
[White "Johansson, Alexander"]
[Black "Carrara, Diego"]
[Result "1/2-1/2"]
[WhiteElo "2018"]
[BlackElo "2058"]
[PlyCount "42"]
[EventDate "2007.01.13"]

1. d4 Nf6 2. Nf3 d6 3. Nbd2 c6 4. e4 Bg4 5. h3 Bxf3 6. Qxf3 Nbd7 7. Bc4 e5 8.
c3 Be7 9. O-O O-O 10. Re1 b5 11. Bb3 a6 12. Nf1 c5 13. Be3 c4 14. Bc2 Ne8 15.
Ng3 Bg5 16. Nf5 Bxe3 17. Rxe3 Qf6 18. Qg4 Rd8 19. Rf1 Kh8 20. f4 g6 21. fxe5
dxe5 1/2-1/2

[Event "XIX Weekend"]
[Site "Bergamo ITA"]
[Date "2007.01.21"]
[Round "6"]
[White "Poletti, Fausto"]
[Black "Elsido, Massimo"]
[Result "1/2-1/2"]
[WhiteElo "2046"]
[BlackElo "1745"]
[PlyCount "114"]
[EventDate "2007.01.13"]

1. Nf3 Nf6 2. d4 g6 3. c4 Bg7 4. Nc3 d6 5. e4 O-O 6. Be2 c5 7. dxc5 dxc5 8.
Qxd8 Rxd8 9. Be3 b6 10. h3 Bb7 11. Nd2 Nc6 12. f3 Nh5 13. O-O-O Bxc3 14. bxc3
Ng3 15. Rhe1 Rd7 16. Nf1 Nxe2+ 17. Rxe2 Rxd1+ 18. Kxd1 Rd8+ 19. Rd2 Rxd2+ 20.
Nxd2 Ba6 21. Kc2 f6 22. Bf4 Kf7 23. Bh2 Ke6 24. a3 f5 25. Bf4 Ne5 26. Kb3 fxe4
27. fxe4 Bb7 28. g3 Kf6 29. h4 h5 30. Kc2 Bc6 31. Kd1 Bd7 32. Ke2 Be6 33. Ke3
a6 34. Bg5+ Kf7 35. Bf4 Nd7 36. Bc7 b5 37. cxb5 axb5 38. Kf4 Nf6 39. Nf3 Bb3
40. Ne5+ Kg7 41. Nd3 c4 42. Nb4 Bd1 43. Be5 Kf7 44. Bd4 Ne8 45. Nc6 Nf6 46.
Nd8+ Ke8 47. Ne6 Kf7 48. Ng5+ Ke8 49. Ne6 Kf7 50. Nc7 Ba4 51. e5 Nh7 52. e6+
Kf8 53. Nd5 Ke8 54. Ke5 Nf6 55. Nf4 Bc2 56. Nd5 Nxd5 57. Kxd5 Ba4 1/2-1/2

[Event "XIX Weekend"]
[Site "Bergamo ITA"]
[Date "2007.01.21"]
[Round "6"]
[White "Romano, Zeno"]
[Black "De Palma, Fabrizio"]
[Result "0-1"]
[WhiteElo "1850"]
[BlackElo "1984"]
[PlyCount "64"]
[EventDate "2007.01.13"]

1. e4 c5 2. Nf3 d6 3. d4 cxd4 4. Nxd4 Nf6 5. Nc3 a6 6. Be2 e5 7. Nb3 Be7 8. O-O
O-O 9. Be3 Be6 10. f4 exf4 11. Bxf4 Qc7 12. Bf3 Nbd7 13. Nd4 Nc5 14. Nd5 Bxd5
15. exd5 Rfe8 16. Qd2 Bf8 17. Rae1 Rac8 18. c3 Ncd7 19. Nf5 Ne5 20. Qd4 Qd7 21.
Ne3 g6 22. Bg5 Bg7 23. Bd1 Nh5 24. Qd2 Nc4 25. Nxc4 Rxc4 26. Rxe8+ Qxe8 27. g4
h6 28. Bxh6 Bxh6 29. Qd3 Qe3+ 30. Qxe3 Bxe3+ 31. Kg2 Ng7 32. Re1 Bg5 0-1

[Event "XIX Weekend"]
[Site "Bergamo ITA"]
[Date "2007.01.21"]
[Round "6"]
[White "Scanferla, Paolo"]
[Black "Ranfagni, Stefano"]
[Result "0-1"]
[WhiteElo "1680"]
[BlackElo "2046"]
[PlyCount "116"]
[EventDate "2007.01.13"]

1. e4 e6 2. Qe2 c5 3. f4 Nc6 4. Nf3 d6 5. g3 Nf6 6. d3 Be7 7. Bh3 Bd7 8. O-O
Qb6 9. f5 e5 10. Nc3 Nd4 11. Qf2 Bc6 12. g4 h6 13. Qg3 Nxc2 14. Rb1 c4+ 15. Kh1
cxd3 16. Nd2 Qd4 17. Bg2 Ne3 18. Re1 Nxg2 19. Qxg2 h5 20. Nb3 Qb6 21. Be3 Qa6
22. g5 Nxe4 23. Nxe4 d5 24. Nec5 Bxc5 25. Nxc5 Qa5 26. Bd4 O-O 27. b4 Qb5 28.
Rxe5 Rfe8 29. Qb2 Rxe5 30. Bxe5 b6 31. a4 Qc4 32. b5 bxc5 33. bxc6 Qe4+ 34. Kg1
d2 35. Bg3 Qe3+ 36. Bf2 Qxg5+ 37. Kf1 Qxf5 38. Qb3 Rc8 39. Rd1 Rxc6 40. Rxd2 c4
41. Qd1 Qh3+ 42. Ke1 Re6+ 43. Re2 Rxe2+ 44. Kxe2 Qg4+ 45. Ke1 Qxd1+ 46. Kxd1 a6
47. h4 f6 48. Be3 Kf7 49. Kd2 Ke6 50. Kc3 Ke5 51. Bc5 g5 52. hxg5 fxg5 53. Be7
g4 54. Bh4 Kf4 55. Kb4 g3 56. Ka5 g2 57. Bf2 c3 58. Kxa6 c2 0-1

[Event "XIX Weekend"]
[Site "Bergamo ITA"]
[Date "2007.01.21"]
[Round "6"]
[White "Stella, Luca"]
[Black "Bassis, Ivano"]
[Result "1/2-1/2"]
[WhiteElo "1725"]
[BlackElo "2034"]
[PlyCount "63"]
[EventDate "2007.01.13"]

1. e4 d5 2. exd5 Qxd5 3. Nc3 Qa5 4. d4 Nf6 5. Bd2 c6 6. Bc4 Bf5 7. Nf3 e6 8.
Qe2 Bb4 9. O-O-O Nbd7 10. Kb1 O-O-O 11. Rhe1 Nb6 12. Bb3 Nbd5 13. Nxd5 Nxd5 14.
Ne5 Bxd2 15. Qxd2 Qxd2 16. Rxd2 Bg6 17. Bxd5 Rxd5 18. Nxg6 hxg6 19. h3 Rhd8 20.
Red1 e5 21. c3 c5 22. Kc2 exd4 23. cxd4 cxd4 24. Kd3 R8d6 25. Rc1+ Kd7 26. Rdc2
Rc6 27. Rxc6 bxc6 28. Rc4 Kd6 29. Rxd4 c5 30. Rxd5+ Kxd5 31. b3 g5 32. g3
1/2-1/2

[Event "XII Weekend"]
[Site "Santa Margherita Ligure ITA"]
[Date "2007.01.13"]
[Round "1"]
[White "Merlo, Andrea"]
[Black "Davi, Alessandro"]
[WhiteElo "1971"]
[BlackElo "1677"]
[Result "0-1"]
[PlyCount "46"]
[EventDate "2007.01.13"]

1. d4 Nf6 2. c4 g6 3. Nc3 d5 4. cxd5 Nxd5 5. e3 Nxc3 6. bxc3 Bg7 7. Bd3 O-O 8.
Ne2 c5 9. Bb2 Qc7 10. O-O Rd8 11. Rc1 Nc6 12. Ng3 e5 13. Ne4 cxd4 14. cxd4 exd4
15. exd4 Qa5 16. Bc3 Qxa2 17. Qf3 Bf5 18. Rfd1 Nxd4 19. Bxd4 Bxd4 20. Bc4 Qa4
21. Bxf7+ Kh8 22. Ng3 Bg4 23. Rxd4 Qxd4 0-1

[Event "XII Weekend"]
[Site "Santa Margherita Ligure ITA"]
[Date "2007.01.??"]
[Round "5"]
[White "Pedemonte, Claudio"]
[Black "Cordara, Michele"]
[WhiteElo "1928"]
[BlackElo "2169"]
[Result "0-1"]
[PlyCount "74"]
[EventDate "2007.01.13"]

1. c4 c5 2. e4 d6 3. Ne2 g6 4. g3 Bg7 5. Bg2 Nc6 6. Nbc3 e6 7. O-O Nge7 8. d3
O-O 9. Be3 Nd4 10. f4 Rb8 11. Rc1 a6 12. b3 b5 13. Bf2 Bd7 14. Nxd4 cxd4 15.
Ne2 Qb6 16. Qd2 Rfc8 17. Rc2 Rc7 18. Rfc1 Rbc8 19. Kh1 e5 20. Qe1 bxc4 21. dxc4
Qb7 22. Rd1 Bc6 23. Ng1 f5 24. Re2 fxe4 25. Bxe4 Bxe4+ 26. Rxe4 d5 27. cxd5
Nxd5 28. Bxd4 Nf6 29. Bxe5 Qxe4+ 30. Qxe4 Nxe4 31. Re1 Nf2+ 32. Kg2 Nd3 33. Re3
Nxe5 34. fxe5 Re7 35. Nf3 Rc5 36. e6 Rc6 37. Ng5 Bh6 0-1

[Event "XII Weekend"]
[Site "Santa Margherita Ligure ITA"]
[Date "2007.01.21"]
[Round "6"]
[White "Cirabisi, Federico"]
[Black "Gallucci, Alessio"]
[WhiteElo "2098"]
[BlackElo "1910"]
[Result "0-1"]
[PlyCount "88"]
[EventDate "2007.01.13"]

1. e4 c5 2. Nf3 d6 3. d4 cxd4 4. Nxd4 Nf6 5. Nc3 g6 6. Be2 Bg7 7. Be3 Nc6 8.
Qd2 Ng4 9. Bxg4 Bxg4 10. f3 Bd7 11. Nxc6 bxc6 12. Bd4 Bxd4 13. Qxd4 O-O 14. h4
Qb6 15. Qd2 h5 16. g4 hxg4 17. h5 gxf3 18. O-O-O Rab8 19. b3 Qa5 20. hxg6 fxg6
21. Rh8+ Kf7 22. Rh7+ Ke8 23. Rxe7+ Kxe7 24. Qxd6+ Kf7 25. Qxd7+ Kg8 26. Qe6+
Kg7 27. Qd7+ Rf7 28. Qd4+ Kg8 29. Rh1 Qg5+ 30. Kb2 Qf6 31. e5 Rd8 32. Qe4 Qg7
33. Qxc6 f2 34. Rf1 Qxe5 35. Qxg6+ Qg7 36. Qe6 Kf8 37. Qe3 Qf6 38. Kb1 Re8 39.
Qc5+ Kg7 40. Qc4 Re1+ 41. Kb2 Rxf1 42. Qxf1 Rc7 43. Qg2+ Kf8 44. Qg3 f1=Q 0-1

[Event "I Festival A"]
[Site "Erba ITA"]
[Date "2007.02.23"]
[Round "1"]
[White "Agrifoglio, Fabio"]
[Black "Di Paolo, Raffaele"]
[Result "0-1"]
[WhiteElo "2032"]
[BlackElo "2329"]
[PlyCount "78"]
[EventDate "2007.02.23"]

1. d4 Nf6 2. c4 g6 3. Nc3 Bg7 4. e4 d6 5. h3 O-O 6. Be3 Na6 7. Bd3 e5 8. d5 c6
9. g4 cxd5 10. cxd5 Nc5 11. Bc2 Bd7 12. Nge2 b5 13. b4 Na6 14. a3 Nc7 15. Ng3
a5 16. O-O Na6 17. Bd3 axb4 18. axb4 Nxb4 19. Rxa8 Qxa8 20. Bxb5 Na2 21. Bxd7
Nxc3 22. Qd3 Ncxd5 23. exd5 Nxd7 24. Ne4 Nf6 25. Nxf6+ Bxf6 26. f4 Re8 27. f5
e4 28. Qb5 g5 29. Rb1 Kg7 30. Qc4 Qa3 31. Qc1 Qd3 32. Qe1 Bc3 33. f6+ Kg6 34.
Qc1 Rc8 35. Bf2 Qxh3 36. Qd1 Be5 37. Qe2 Bh2+ 38. Kh1 Bg3+ 39. Kg1 Qh2+ 0-1

[Event "I Festival A"]
[Site "Erba ITA"]
[Date "2007.02.23"]
[Round "1"]
[White "Annoni, Riccardo"]
[Black "Bernasconi, Roberto"]
[Result "1-0"]
[WhiteElo "2065"]
[BlackElo "1935"]
[PlyCount "97"]
[EventDate "2007.02.23"]

1. e4 e5 2. Nf3 Nf6 3. Nxe5 d6 4. Nf3 Nxe4 5. Nc3 Nxc3 6. dxc3 Be7 7. Bf4 Nd7
8. Qd2 O-O 9. O-O-O Nc5 10. h4 Be6 11. Kb1 b5 12. Ng5 Bc4 13. Bxc4 bxc4 14. Qd5
Rb8 15. Qxc4 Qc8 16. Be3 Qb7 17. b3 Nd7 18. Qe4 Qxe4 19. Nxe4 Rb7 20. h5 Ne5
21. Bd4 f5 22. Nc5 dxc5 23. Bxe5 c6 24. Rh3 c4 25. Rd4 cxb3 26. cxb3 Bc5 27.
Rf4 Re7 28. Bd4 Ba3 29. Re3 Rd7 30. Kc2 c5 31. Be5 Rfd8 32. b4 cxb4 33. cxb4
Rd2+ 34. Kb3 Bc1 35. Rc4 Rd1 36. Rec3 R1d3 37. Rxd3 Rxd3+ 38. Rc3 Rd1 39. Rc7
Bh6 40. Rxa7 Rd2 41. Bg3 g5 42. hxg6 hxg6 43. b5 Bg7 44. a4 f4 45. Bxf4 Rxf2
46. g3 Bd4 47. Rd7 Rf3+ 48. Kc4 Bf2 49. Rd3 1-0

[Event "I Festival A"]
[Site "Erba ITA"]
[Date "2007.02.23"]
[Round "1"]
[White "Borgo, Giulio"]
[Black "Bonarrigo, Marco"]
[Result "1-0"]
[WhiteElo "2417"]
[BlackElo "2039"]
[PlyCount "101"]
[EventDate "2007.02.23"]

1. d4 Nf6 2. Nf3 b6 3. e3 e6 4. Bd3 Bb7 5. O-O Be7 6. Nbd2 O-O 7. e4 c5 8. c3
d6 9. Qe2 Qc7 10. e5 Nfd7 11. Nc4 dxe5 12. dxe5 b5 13. Ncd2 c4 14. Bc2 Nc5 15.
Nd4 Nd3 16. Bxd3 cxd3 17. Qxd3 Nc6 18. Nxc6 Qxc6 19. Qg3 Rfd8 20. Nf3 Rd3 21.
Be3 Bc5 22. Rad1 Rxd1 23. Rxd1 Bxe3 24. fxe3 h6 25. Qf4 Rc8 26. Rd6 Qc7 27. Nd4
b4 28. Nb5 Qe7 29. Rd4 bxc3 30. Nxc3 Qc7 31. h3 Qc6 32. Qf2 a6 33. Kh2 Qc7 34.
Qg3 Kh7 35. Rg4 Rg8 36. Qf4 Ba8 37. Qg3 Qb7 38. b3 Qc7 39. Rc4 Qd7 40. Rd4 Qc7
41. Ne2 Rd8 42. Rg4 Rg8 43. Rc4 Qd7 44. Nf4 Bb7 45. Nh5 Qe7 46. Rf4 Bd5 47. Rg4
Qf8 48. e4 Bb7 49. Qf4 Qe7 50. Rxg7+ Rxg7 51. Nf6+ 1-0

[Event "I Festival A"]
[Site "Erba ITA"]
[Date "2007.02.23"]
[Round "1"]
[White "Brugo, Marco"]
[Black "Virzi, Ettore"]
[Result "1-0"]
[WhiteElo "2085"]
[BlackElo "1952"]
[PlyCount "49"]
[EventDate "2007.02.23"]

1. d4 Nf6 2. c4 e6 3. Nf3 d5 4. Nc3 Bb4 5. e3 c5 6. Bd3 O-O 7. O-O dxc4 8. Bxc4
Qe7 9. a3 Ba5 10. Qc2 Bd7 11. Ne4 Nxe4 12. Qxe4 Nc6 13. dxc5 Bc7 14. b4 a6 15.
Bb2 f5 16. Qd3 Rad8 17. Rfd1 Be8 18. Qb3 Rxd1+ 19. Rxd1 Nd8 20. Be5 Bf7 21.
Bxc7 Qxc7 22. Ng5 Qe5 23. f4 Qf6 24. Rd7 h6 25. Nxf7 1-0

[Event "I Festival A"]
[Site "Erba ITA"]
[Date "2007.02.23"]
[Round "1"]
[White "Cantoro, Daniele"]
[Black "Bozzali, Ermanno"]
[Result "0-1"]
[WhiteElo "1933"]
[BlackElo "2062"]
[PlyCount "54"]
[EventDate "2007.02.23"]

1. e4 c5 2. Nf3 d6 3. d4 cxd4 4. Nxd4 Nf6 5. Nc3 a6 6. Bg5 e6 7. f4 b5 8. Qf3
Bb7 9. Bd3 Nbd7 10. O-O-O Qb6 11. Nb3 b4 12. Ne2 Be7 13. Ng3 h6 14. Bh4 g5 15.
fxg5 Ne5 16. Qe2 Nfg4 17. Nf1 hxg5 18. Bg3 a5 19. Bb5+ Kf8 20. Ba4 Ba6 21. Qe1
Rc8 22. Kb1 Bf6 23. Nfd2 Rxc2 24. Bxe5 Nxe5 25. Nc1 Rxb2+ 26. Kxb2 Nd3+ 27. Kb1
Qd4 0-1

[Event "I Festival A"]
[Site "Erba ITA"]
[Date "2007.02.23"]
[Round "1"]
[White "Coppola, Guido"]
[Black "Cazzaniga, Walter"]
[Result "1/2-1/2"]
[WhiteElo "2002"]
[BlackElo "2157"]
[PlyCount "62"]
[EventDate "2007.02.23"]

1. e4 e6 2. d4 d5 3. e5 c5 4. c3 Nc6 5. Nf3 Qb6 6. a3 c4 7. Be2 Bd7 8. O-O f6
9. exf6 gxf6 10. Nbd2 Na5 11. Re1 O-O-O 12. Rb1 Bd6 13. b4 Nc6 14. Nf1 Nge7 15.
Ne3 Qc7 16. g3 h5 17. Nh4 Rdg8 18. Neg2 e5 19. dxe5 Bxe5 20. Qc2 Bd6 21. Be3 b6
22. Rbd1 Kb8 23. Qd2 Ne5 24. Nf4 Ba4 25. Ra1 Ng4 26. Ne6 Qc8 27. Bf4 Ne5 28.
Nd4 Bc7 29. Ndf3 Bc6 30. Nd4 Ba4 31. Ndf3 Bc6 1/2-1/2

[Event "I Festival A"]
[Site "Erba ITA"]
[Date "2007.02.23"]
[Round "1"]
[White "Fossati, Remigio"]
[Black "Brunetti, Alessandro"]
[Result "1-0"]
[WhiteElo "2181"]
[BlackElo "2005"]
[PlyCount "101"]
[EventDate "2007.02.23"]

1. d4 d5 2. c4 e6 3. Nc3 Nf6 4. cxd5 exd5 5. Bg5 c6 6. e3 Nbd7 7. Bd3 Be7 8.
Qc2 h6 9. Bh4 O-O 10. Nge2 Re8 11. O-O Nf8 12. f3 Be6 13. a3 a6 14. Rad1 Qa5
15. Na4 N6d7 16. b4 Qd8 17. Bf2 b5 18. Nc5 Qc7 19. h3 Nb6 20. Ra1 Bd6 21. Nb3
Nfd7 22. Rfc1 Nc4 23. e4 Bh2+ 24. Kh1 Bf4 25. Nxf4 Qxf4 26. Bg1 Nf6 27. Bh2 Qh4
28. Nc5 Nh5 29. Bxc4 bxc4 30. a4 Nf6 31. Rab1 Nd7 32. Nb7 Nf6 33. Nd6 Red8 34.
Nb7 Re8 35. e5 Nd7 36. f4 g6 37. Nd6 h5 38. Rf1 f5 39. Nxe8 Rxe8 40. b5 cxb5
41. axb5 axb5 42. Rxb5 Ra8 43. Qc3 Ra2 44. Bg3 Qe7 45. Ra1 Rxa1+ 46. Qxa1 Nf8
47. Be1 Qd7 48. Rb8 Qc7 49. Qa8 c3 50. Rxf8+ Kg7 51. Rh8 1-0

[Event "I Festival A"]
[Site "Erba ITA"]
[Date "2007.02.23"]
[Round "1"]
[White "Ljubisavljevic, Zivojin Z."]
[Black "Mazzariol, Oscar"]
[Result "1-0"]
[WhiteElo "2279"]
[BlackElo "2031"]
[PlyCount "139"]
[EventDate "2007.02.23"]

1. d4 Nf6 2. Bg5 g6 3. Nc3 Bg7 4. e4 d6 5. f4 c6 6. e5 Nd5 7. Nxd5 cxd5 8. c3
Nc6 9. Nf3 dxe5 10. fxe5 O-O 11. Qd2 f6 12. exf6 exf6 13. Bf4 Re8+ 14. Kf2 Bf5
15. h4 Qd7 16. Bb5 Re4 17. Rae1 a6 18. Ba4 b5 19. Bb3 Na5 20. Rxe4 Bxe4 21. Re1
Nc4 22. Bxc4 bxc4 23. b3 Qb5 24. Qd1 a5 25. Nd2 cxb3 26. Qxb3 Qxb3 27. axb3 f5
28. Nxe4 fxe4 29. Ke3 Bf6 30. g3 Rc8 31. Rc1 Kg7 32. c4 h6 33. c5 Rc6 34. Ra1
Bd8 35. Be5+ Kf7 36. Rf1+ Bf6 37. Kf4 Ke8 38. Ra1 Bd8 39. Bd6 Bf6 40. Ke3 Bd8
41. Bf4 Rf6 42. Ke2 g5 43. Be5 Rf3 44. hxg5 hxg5 45. Rh1 Rxb3 46. Rh8+ Ke7 47.
c6 a4 48. c7 Bxc7 49. Bxc7 Rb2+ 50. Ke3 Rb3+ 51. Kd2 Rd3+ 52. Ke2 Rxd4 53. Bd8+
Kd7 54. Bxg5 Rd3 55. Rd8+ Ke6 56. Be3 Ke5 57. g4 d4 58. Re8+ Kd5 59. Bf4 Rb3
60. Re5+ Kc4 61. Rxe4 a3 62. Re8 Rb2+ 63. Kf3 a2 64. Ra8 Kb3 65. Be5 Kc4 66. g5
Rb3+ 67. Kf4 Rb2 68. g6 Rg2 69. g7 d3 70. Rxa2 1-0

[Event "I Festival A"]
[Site "Erba ITA"]
[Date "2007.02.23"]
[Round "1"]
[White "Orsi, Matteo"]
[Black "Gagliardi, Christian"]
[Result "0-1"]
[WhiteElo "1978"]
[BlackElo "2112"]
[PlyCount "62"]
[EventDate "2007.02.23"]

1. Nf3 g6 2. g3 Bg7 3. Bg2 d6 4. d4 Nf6 5. c4 O-O 6. Nc3 Nbd7 7. O-O e5 8. dxe5
dxe5 9. e4 Re8 10. Qc2 c6 11. h3 Qc7 12. Be3 Nf8 13. Rfd1 Be6 14. b3 Nh5 15.
Bc5 Rad8 16. Rxd8 Rxd8 17. Rd1 b6 18. Rxd8 Qxd8 19. Ba3 h6 20. Qd1 Qc8 21. Kh2
Nd7 22. Bb2 Qc7 23. h4 Nc5 24. Bh3 Bxh3 25. Kxh3 Qc8+ 26. Kg2 Ne6 27. Qd6 Nef4+
28. Kg1 Qh3 29. gxf4 Qxf3 30. Nd1 Nxf4 31. Ne3 Nh3+ 0-1

[Event "I Festival A"]
[Site "Erba ITA"]
[Date "2007.02.23"]
[Round "1"]
[White "Piazza, Angelo"]
[Black "Pace, Pietro Dario"]
[Result "0-1"]
[WhiteElo "2008"]
[BlackElo "2248"]
[PlyCount "66"]
[EventDate "2007.02.23"]

1. d4 d5 2. Nf3 Nf6 3. c3 g6 4. e3 Bg7 5. Bd3 O-O 6. Nbd2 c5 7. O-O Nc6 8. Qe2
Re8 9. Re1 e5 10. dxe5 Nxe5 11. Nxe5 Rxe5 12. Nf3 Re7 13. h3 Qb6 14. a4 a6 15.
a5 Qc7 16. Qd1 Bd7 17. Bd2 Ne4 18. Qc2 c4 19. Be2 Rae8 20. Nd4 Qe5 21. Rad1 Qc7
22. Ra1 Bxh3 23. gxh3 Nxf2 24. Bf1 Qg3+ 25. Bg2 Nxh3+ 26. Kh1 Nf2+ 27. Kg1 Ng4
28. Re2 Bxd4 29. cxd4 Re6 30. Be1 Qh2+ 31. Kf1 Rf6+ 32. Bf2 Rxf2+ 33. Ke1 Qg1+
0-1

[Event "I Festival A"]
[Site "Erba ITA"]
[Date "2007.02.23"]
[Round "1"]
[White "Piemonti, Carlo"]
[Black "Martinez, Rolly"]
[Result "0-1"]
[WhiteElo "2047"]
[BlackElo "2419"]
[PlyCount "102"]
[EventDate "2007.02.23"]

1. e4 c5 2. Nf3 Nc6 3. Bb5 e6 4. Bxc6 bxc6 5. O-O Ne7 6. c4 Ng6 7. d4 cxd4 8.
Qxd4 c5 9. Qe3 Be7 10. b3 O-O 11. Bb2 Bb7 12. Nbd2 Qc7 13. Rfe1 e5 14. Rad1 d6
15. Nb1 f5 16. Nc3 fxe4 17. Nxe4 Rf4 18. Nfd2 Raf8 19. f3 Nh4 20. Rf1 Nf5 21.
Qd3 Nd4 22. Nc3 Qc8 23. Bc1 Qe6 24. Nde4 R4f5 25. Kh1 h6 26. Rde1 Bh4 27. Rd1
Kh8 28. Be3 a6 29. Qd2 Bd8 30. Qd3 Ba5 31. Ng3 R5f7 32. Nce4 Bc6 33. Nh5 Bd8
34. Nhg3 a5 35. Rde1 g5 36. Nh5 Qg6 37. Nhg3 Rg8 38. a3 h5 39. b4 h4 40. Ne2 h3
41. Bxd4 hxg2+ 42. Kxg2 cxd4 43. b5 g4 44. N2g3 Bb7 45. fxg4 Rf4 46. h3 Bh4 47.
Rxf4 exf4 48. Qxd4+ Qg7 49. Qxg7+ Rxg7 50. Nf5 Bxe1 51. Nxg7 Bxe4+ 0-1

[Event "I Festival A"]
[Site "Erba ITA"]
[Date "2007.02.23"]
[Round "1"]
[White "Raineri, Valerio"]
[Black "Rossi, Giampiero"]
[Result "1-0"]
[WhiteElo "2143"]
[BlackElo "1980"]
[PlyCount "89"]
[EventDate "2007.02.23"]

1. e4 c5 2. Nf3 e6 3. d4 cxd4 4. Nxd4 a6 5. Be3 Nf6 6. Nc3 Qc7 7. Bd3 Nc6 8. g4
Nxd4 9. Bxd4 Bc5 10. Bxc5 Qxc5 11. Qe2 d6 12. f4 e5 13. f5 h6 14. O-O-O Bd7 15.
h4 O-O-O 16. g5 hxg5 17. hxg5 Nh7 18. Rhg1 f6 19. gxf6 gxf6 20. Rg6 Bc6 21. Bc4
Rhf8 22. Bd5 Ng5 23. Bxc6 Qxc6 24. Nd5 Kb8 25. Nxf6 Rxf6 26. Rxf6 Nxe4 27. Rg6
Rf8 28. Qf3 Rc8 29. Qg2 Qc4 30. Rg4 d5 31. Rxd5 Qxd5 32. Qxe4 Qxe4 33. Rxe4 Re8
34. Kd2 Kc7 35. Ke3 Kd6 36. Kf3 Rf8 37. Kg4 Kd5 38. Re1 Rg8+ 39. Kf3 Kd6 40.
Rh1 Rc8 41. c3 Rc5 42. Rh6+ Kd5 43. Rh7 Rb5 44. b3 Rb6 45. Rd7+ 1-0

[Event "I Festival A"]
[Site "Erba ITA"]
[Date "2007.02.23"]
[Round "1"]
[White "Rigo, Gianfrancesco"]
[Black "Cardani, Roberto"]
[Result "1/2-1/2"]
[WhiteElo "2055"]
[BlackElo "1887"]
[PlyCount "74"]
[EventDate "2007.02.23"]

1. e4 c5 2. Nf3 d6 3. d4 cxd4 4. Qxd4 Nc6 5. Bb5 Bd7 6. Bxc6 Bxc6 7. Nc3 Nf6 8.
Bg5 e6 9. O-O-O Be7 10. Rhe1 Qa5 11. e5 dxe5 12. Rxe5 Qb4 13. Re3 Qxd4 14. Nxd4
Ng4 15. Bxe7 Nxe3 16. Rd3 Kxe7 17. Rxe3 Rhd8 18. Nxc6+ bxc6 19. Ne4 Rd5 20. c4
Rd4 21. c5 Rc4+ 22. Kb1 Rd8 23. b3 Rd1+ 24. Kb2 Rcd4 25. Kc3 a5 26. a3 h6 27.
Nd6 Rxd6 28. cxd6+ Kxd6 29. Kc2 Rd5 30. Rf3 Ke7 31. Kc3 f5 32. h4 g5 33. hxg5
hxg5 34. Rh3 Rc5+ 35. Kd3 Rd5+ 36. Kc3 Rc5+ 37. Kd3 Rd5+ 1/2-1/2

[Event "I Festival A"]
[Site "Erba ITA"]
[Date "2007.02.23"]
[Round "1"]
[White "Salvador, Roland"]
[Black "Ceccarini, Marco"]
[Result "1-0"]
[WhiteElo "2450"]
[BlackElo "2050"]
[PlyCount "97"]
[EventDate "2007.02.23"]

1. c4 g6 2. g3 Bg7 3. Bg2 c6 4. Nc3 d6 5. d4 e5 6. Nf3 f5 7. Bg5 Qc7 8. O-O e4
9. Ne1 Nf6 10. d5 h6 11. Be3 c5 12. Nb5 Qd8 13. Bf4 Bf8 14. Qa4 Kf7 15. f3 exf3
16. Bxf3 Nbd7 17. e4 Nb6 18. Qc2 a6 19. Na3 Kg7 20. e5 dxe5 21. Bxe5 Bd6 22.
Bc3 Re8 23. Nd3 Bd7 24. Rae1 Na4 25. Bd2 Qc7 26. b3 Bxg3 27. hxg3 Qxg3+ 28. Bg2
Ng4 29. Bf4 Qh4 30. bxa4 g5 31. Qc3+ Kg8 32. Nxc5 gxf4 33. Qh3 Qxe1 34. Rxe1
Rxe1+ 35. Bf1 Ne3 36. Nxd7 Rxf1+ 37. Qxf1 Nxf1 38. Kxf1 Rd8 39. Nc5 Kf7 40.
Nxb7 Rb8 41. Na5 Rb2 42. c5 Rd2 43. d6 Ke6 44. N3c4 Rd5 45. Nb7 Rd4 46. c6 Rxc4
47. d7 Rd4 48. Nc5+ Ke7 49. c7 1-0

[Event "I Festival A"]
[Site "Erba ITA"]
[Date "2007.02.23"]
[Round "1"]
[White "Sironi, Roberto"]
[Black "Astengo, Marcello"]
[Result "1-0"]
[WhiteElo "1942"]
[BlackElo "2072"]
[PlyCount "64"]
[EventDate "2007.02.23"]

1. d4 d5 2. c4 c6 3. cxd5 cxd5 4. Nf3 Nf6 5. Nc3 Nc6 6. h3 g6 7. Bf4 Bg7 8. e3
O-O 9. Be2 Qb6 10. Qc1 Bf5 11. O-O Rac8 12. Qd2 Rfd8 13. Rfc1 Ne4 14. Qe1 Nxc3
15. bxc3 Na5 16. Nd2 Nc4 17. Nxc4 dxc4 18. Qf1 Qa6 19. Qd1 e6 20. a4 Rd7 21.
Ra2 Be4 22. Rb2 Bf8 23. Ra1 Bd6 24. Bh6 Qa5 25. Qc1 Qd8 26. f3 Bd3 27. e4 Qh4
28. Bg5 Qg3 29. e5 Bf8 30. Qe3 Be7 31. Bxe7 Bxe2 32. Bf6 g5 1-0

[Event "I Festival A"]
[Site "Erba ITA"]
[Date "2007.02.24"]
[Round "2"]
[White "Astengo, Marcello"]
[Black "Rigo, Gianfrancesco"]
[Result "1/2-1/2"]
[WhiteElo "2072"]
[BlackElo "2055"]
[PlyCount "72"]
[EventDate "2007.02.23"]

1. d4 Nf6 2. c4 e6 3. Nc3 Bb4 4. f3 d5 5. a3 Bxc3+ 6. bxc3 h6 7. Qc2 b6 8. cxd5
exd5 9. e4 dxe4 10. fxe4 O-O 11. e5 Re8 12. Be2 Bb7 13. Nf3 Be4 14. Qa4 Nd5 15.
Bd2 Nd7 16. Bb5 Bxf3 17. gxf3 Nxe5 18. dxe5 Rxe5+ 19. Kf2 Qe7 20. Rhe1 Qc5+ 21.
Qd4 Qxd4+ 22. cxd4 Rh5 23. Kg1 Nf6 24. Bc6 Rd8 25. Be3 Nd5 26. Rad1 a5 27. Bf2
Rd6 28. Bb7 Rg6+ 29. Kh1 c6 30. Re5 Rh3 31. Rd3 Nf4 32. Rc3 Rg2 33. Bg1 Rd2 34.
Bc8 Rh4 35. Rce3 Nh5 36. Rxh5 Rxh5 1/2-1/2

[Event "I Festival A"]
[Site "Erba ITA"]
[Date "2007.02.24"]
[Round "2"]
[White "Bonarrigo, Marco"]
[Black "Bernasconi, Roberto"]
[Result "1-0"]
[WhiteElo "2039"]
[BlackElo "1935"]
[PlyCount "81"]
[EventDate "2007.02.23"]

1. e4 e5 2. Nf3 Nf6 3. Nxe5 d6 4. Nf3 Nxe4 5. Nc3 Nxc3 6. dxc3 Be7 7. Be3 Nd7
8. Qd2 Nf6 9. h3 Bf5 10. O-O-O Qd7 11. Nd4 a6 12. Nxf5 Qxf5 13. g4 Qa5 14. Kb1
O-O-O 15. Bg2 d5 16. Qd3 Qb5 17. Rhe1 Qxd3 18. cxd3 Rhe8 19. Bf3 h6 20. Re2 Bf8
21. Rde1 Kd7 22. h4 c6 23. g5 Rxe3 24. Rxe3 hxg5 25. hxg5 Nh7 26. Bg4+ Kc7 27.
f4 Bd6 28. Rf3 Nf8 29. Bf5 Nd7 30. Bxd7 Rxd7 31. f5 Be7 32. g6 fxg6 33. fxg6
Bf6 34. Re8 Kd6 35. Rf8 Ke6 36. Re8+ Kd6 37. Kc2 Rc7 38. d4 Kd7 39. Rf8 Ke6 40.
Kd3 Ke7 41. Rf7+ 1-0

[Event "I Festival A"]
[Site "Erba ITA"]
[Date "2007.02.24"]
[Round "2"]
[White "Bozzali, Ermanno"]
[Black "Salvador, Roland"]
[Result "0-1"]
[WhiteElo "2062"]
[BlackElo "2450"]
[PlyCount "108"]
[EventDate "2007.02.23"]

1. e4 c5 2. Nc3 Nc6 3. f4 e6 4. Bb5 Nd4 5. Bd3 d5 6. Nf3 Nf6 7. e5 Nd7 8. Nxd4
cxd4 9. Ne2 Qb6 10. b3 Nc5 11. Bb2 Nxd3+ 12. cxd3 Bc5 13. O-O O-O 14. Qe1 f6
15. Qh4 Bd7 16. Rf3 fxe5 17. Rh3 h6 18. fxe5 Rf5 19. Bxd4 Raf8 20. Bxc5 Qxc5+
21. Qd4 Qc2 22. Qc3 Qxc3 23. dxc3 Rxe5 24. Nd4 b5 25. b4 Rc8 26. Rc1 a5 27. a3
axb4 28. axb4 Ra8 29. Rf3 Ra3 30. Kf2 Rh5 31. h3 e5 32. Ne2 Ra2 33. g4 Rg5 34.
Ke3 h5 35. gxh5 Rxh5 36. d4 Bxh3 37. Ng3 Rg5 38. dxe5 Bg4 39. Kf4 Rg6 40. Re1
Bxf3 41. Kxf3 Rc6 42. Re3 Ra3 43. Ne2 Kf7 44. Kf4 Rc4+ 45. Kf5 g6+ 46. Kg5 d4
47. Rf3+ Ke7 48. Nf4 dxc3 49. Nxg6+ Ke6 50. Rf6+ Kd5 51. Kf5 Kd4 52. e6 c2 53.
e7 Rf3+ 54. Kg4 Rxf6 0-1

[Event "I Festival A"]
[Site "Erba ITA"]
[Date "2007.02.24"]
[Round "2"]
[White "Brunetti, Alessandro"]
[Black "Piazza, Angelo"]
[Result "1-0"]
[WhiteElo "2005"]
[BlackElo "2008"]
[PlyCount "131"]
[EventDate "2007.02.23"]

1. d4 Nf6 2. c4 g6 3. Nc3 Bg7 4. e4 d6 5. Nf3 Bg4 6. h3 Bxf3 7. Qxf3 Nbd7 8.
Be3 O-O 9. Bd3 c5 10. O-O cxd4 11. Bxd4 Qa5 12. Rfd1 Ne5 13. Qe2 Nxd3 14. Qxd3
Rac8 15. Rac1 a6 16. b3 Rc6 17. f3 Rfc8 18. Qd2 Qh5 19. Bxf6 Bxf6 20. Nd5 Qh4
21. Kh2 e6 22. g3 Be5 23. f4 Qd8 24. fxe5 exd5 25. Qxd5 Qb6 26. Rf1 Qc7 27. e6
Rf8 28. Kg2 Kg7 29. exf7 Rxf7 30. Qd4+ Kg8 31. Rxf7 Qxf7 32. Rf1 Qe7 33. Qd5+
Kg7 34. h4 Rc8 35. Rf4 Rf8 36. Qd4+ Kg8 37. Rxf8+ Qxf8 38. Qd5+ Kh8 39. Qxb7
Qf6 40. Qb6 Qb2+ 41. Qf2 Qg7 42. c5 dxc5 43. Qxc5 h5 44. e5 Qb7+ 45. Kh2 Qe4
46. Qf8+ Kh7 47. Qf7+ Kh8 48. Qf4 Qe2+ 49. Kh3 Qe1 50. Qh6+ Kg8 51. Qxg6+ Kf8
52. Qh6+ Ke7 53. Qxh5 Qh1+ 54. Kg4 Qe4+ 55. Kg5 Qxe5+ 56. Kg6 Qe6+ 57. Kh7 Qe1
58. Qg5+ Kf8 59. Qf6+ Ke8 60. Kg7 Kd7 61. g4 Qe2 62. g5 Qxa2 63. Qf7+ Kc6 64.
h5 Kb5 65. Qb7+ Ka5 66. b4+ 1-0